| 000 | 00538nam a22002057a 4500 | ||
|---|---|---|---|
| 003 | OSt | ||
| 005 | 20140310183106.0 | ||
| 008 | 130305t xxu||||| |||| 00| 0 eng d | ||
| 020 | _a9712715345 | ||
| 050 |
_aPL 6063 _b.R389 2004 |
||
| 082 |
_aF899.2101 _b.R389 2004 |
||
| 245 |
_aPulotgata : _bthe love poems / _cRemoto, Danton |
||
| 260 |
_aPasig City : _bAnvil Publishing Inc., _c2004 |
||
| 300 |
_a88 p. _c18cm |
||
| 521 | _aCollege students | ||
| 526 | _c1210L-1700L | ||
| 541 | _j1 | ||
| 562 | _e1 | ||
| 942 |
_2lcc _cBK _kFIL |
||
| 999 |
_c18790 _d18790 |
||